Toutes les communes de la Loire avec une carte - Statistiques

Statistiques générales
  • Ce quiz a été pris 1 346 fois
  • Le résultat moyen est 70 sur 323
Réponses sur la Carte
Les réponses sont colorées sur une échelle allant du rouge au vert en fonction du pourcentage des utilisateurs qui les ont devinées à leur premier essai. Vous pouvez retrouver ces pourcentages ci-dessous.
 
Statistiques - réponses
Communes % Correct
Saint-Étienne
96%
Roanne
89%
Montbrison
81%
Saint-Chamond
78%
Firminy
73%
Andrézieux-Bouthéon
72%
Feurs
68%
Rive-de-Gier
66%
Saint-Just-Saint-Rambert
58%
Saint-Galmier
54%
Boën-sur-Lignon
53%
La Ricamarie
53%
Le Chambon-Feugerolles
52%
Montrond-les-Bains
51%
Roche
51%
Veauche
50%
Saint-Priest-en-Jarez
49%
La Talaudière
48%
La Fouillouse
46%
Villars
46%
Balbigny
45%
Mably
45%
Saint-Bonnet-le-Château
45%
Le Coteau
44%
Riorges
43%
Unieux
43%
Charlieu
42%
Noirétable
42%
L'Etrat
41%
Lorette
41%
Roche-la-Molière
40%
Sorbiers
40%
Chazelles-sur-Lyon
39%
Saint-Martin-la-Plaine
39%
Chalmazel-Jeansagnière
38%
La Tour-en-Jarez
38%
Le Bessat
38%
Saint-Genest-Lerpt
38%
Saint-Genest-Malifaux
38%
Saint-Victor-sur-Rhins
38%
Bourg-Argental
37%
Saint-Héand
37%
Saint-Jean-Bonnefonds
37%
Sury-le-Comtal
37%
Saint-Julien-Molin-Molette
36%
Veauchette
36%
Bonson
35%
Saint-Marcellin-en-Forez
35%
Saint-Romain-le-Puy
35%
Pélussin
34%
Renaison
34%
Saint-Christo-en-Jarez
34%
Saint-Paul-en-Jarez
34%
Saint-Germain-Laval
33%
Fraisses
32%
La Valla-en-Gier
32%
Usson-en-Forez
32%
Panissières
31%
Savigneux
31%
Bellegarde-en-Forez
30%
Villerest
30%
Aboën
29%
L'Horme
29%
Planfoy
29%
Pouilly-Sous-Charlieu
29%
Saint-Maurice-en-Gourgois
29%
Saint-Symphorien-de-Lay
29%
Chambles
28%
Saint-Bonnet-les-Oules
28%
Saint-Just-en-Chevalet
28%
Chambœuf
27%
La Grand-Croix
27%
La Pacaudière
27%
Saint-Cyprien
27%
Champdieu
26%
Cuzieu
26%
Sainte-Croix-en-Jarez
26%
Saint-Étienne-le-Molard
26%
Neulise
25%
Violay
25%
Ambierle
24%
Perreux
24%
Sail-sous-Couzan
24%
Sainte-Agathe-la-Bouteresse
24%
Boisset-lès-Montrond
23%
Cellieu
23%
Marlhes
23%
Périgneux
23%
Rivas
23%
Saint-Just-la-Pendue
23%
Tarentaise
23%
Aveizieux
22%
Bussy-Albieux
22%
Doizieux
22%
Genilac
22%
Jonzieux
22%
La Terrasse-sur-Dorlay
22%
Pouilly-lès-Feurs
22%
Saint-Alban-les-Eaux
22%
Saint-Cyr-les-Vignes
22%
Saint-Haon-le-Châtel
22%
Saint-Haon-le-Vieux
22%
Unias
22%
Commelle-Vernay
21%
Ouches
21%
Saint-Germain-Lespinasse
21%
Saint-Hilaire-Cusson-la-Valmitte
21%
Saint-Jean-Soleymieux
21%
Saint-Jodard
21%
Saint-Paul-en-Cornillon
21%
Saint-Régis-du-Coin
21%
Saint-Sauveur-en-Rue
21%
Vougy
21%
Belmont-de-la-Loire
20%
Chavanay
20%
Civens
20%
Craintilleux
20%
L'Hôpital-le-Grand
20%
Luriecq
20%
Maclas
20%
Marcilly-le-Châtel
20%
Pouilly-les-Nonains
20%
Saint-André-d'Apchon
20%
Saint-Bonnet-le-Courreau
20%
Saint-Romain-les-Atheux
20%
Salt-en-Donzy
20%
Trelins
20%
Apinac
19%
Briennon
19%
Chateauneuf
19%
Estivareilles
19%
La Versanne
19%
Lay
19%
Les Salles
19%
Lézigneux
19%
Mars
19%
Montverdun
19%
Pommiers-en-Forez
19%
Rozier-Côtes-d'Aurec
19%
Saint-André-le-Puy
19%
Saint-Joseph
19%
Saint-Romain-en-Jarez
19%
Valfleury
19%
Chambéon
18%
Les Noes
18%
Néronde
18%
Nervieux
18%
Saint-Jean-Saint-Maurice-sur-Loire
18%
Saint-Pierre-de-Bœuf
18%
Villemontais
18%
Bard
17%
Boisset-Saint-Priest
17%
Caloire
17%
Coutouvre
17%
Cremeaux
17%
Écotay-l'Olme
17%
Graix
17%
Lentigny
17%
Marclopt
17%
Marols
17%
Précieux
17%
Saint-Georges-en-Couzan
17%
Saint-Martin-Lestra
17%
Saint-Médard-en-Forez
17%
Saint-Nizier-sous-Charlieu
17%
Saint-Priest-la-Prugne
17%
Saint-Vincent-de-Boisset
17%
Tartaras
17%
Verrières-en-Forez
17%
Bully
16%
Burdignes
16%
Bussières
16%
Changy
16%
Cordelle
16%
Dargoire
16%
Essertines-en-Donzy
16%
Grammond
16%
Marcenod
16%
Nandax
16%
Régny
16%
Rozier-en-Donzy
16%
Sainte-Foy-Saint-Sulpice
16%
Saint-Léger-sur-Roanne
16%
Saint-Marcel-de-Félines
16%
Saint-Martin-d'Estréaux
16%
Saint-Martin-la-Sauveté
16%
Saint-Michel-sur-Rhône
16%
Saint-Romain-la-Motte
16%
Vérin
16%
Champoly
15%
Chevrières
15%
Farnay
15%
Jas
15%
La Bénisson-Dieu
15%
La Tourette
15%
Magneux-Haute-Rive
15%
Malleval
15%
Montagny
15%
Mornand-en-Forez
15%
Noailly
15%
Poncins
15%
Pradines
15%
Saint-Barthélémy-Lestra
15%
Saint-Denis-de-Cabanne
15%
Saint-Denis-sur-Coise
15%
Saint-Didier-sur-Rochefort
15%
Saint-Georges-Haute-ville
15%
Saint-Marcel-d'Urfé
15%
Saint-Thomas-la-Garde
15%
Soleymieux
15%
Arcon
14%
Chalain-le-Comtal
14%
Cleppé
14%
Colombier
14%
Cuinzier
14%
Grézieux-le-Fromental
14%
Grézolles
14%
Juré
14%
La Chamba
14%
La Gimond
14%
Lérigneux
14%
Lupé
14%
Lure
14%
Marcoux
14%
Montarcher
14%
Neaux
14%
Parigny
14%
Sail-les-Bains
14%
Saint-Appolinard
14%
Saint-Laurent-la-Conche
14%
Saint-Polgues
14%
Saint-Sixte
14%
Sauvain
14%
Thélis-la-Combe
14%
Viricelles
14%
Belleroche
13%
Chagnon
13%
Châtelneuf
13%
Épercieux-Saint-Paul
13%
Fontanes
13%
Fourneaux
13%
Le Cergne
13%
Margerie-Chantagret
13%
Maringes
13%
Pavezin
13%
Pralong
13%
Saint-Cyr-de-Favières
13%
Saint-Forgeux-Lespinasse
13%
Saint-Just-en-Bas
13%
Saint-Nizier-de-Fornas
13%
Saint-Romain-d'Urfé
13%
Souternon
13%
Vivans
13%
Arthun
12%
Chalain-d'Uzore
12%
Chatelus
12%
Chazelles-sur-Lavieu
12%
Cherier
12%
Chuyer
12%
Essertines-en-Châtelneuf
12%
La Chambonie
12%
Le Crozet
12%
Saint-Cyr-de-Valorges
12%
Sainte-Agathe-en-Donzy
12%
Sainte-Colombe-sur-Gand
12%
Saint-Georges-de-Baroille
12%
Saint-Hilaire-sous-Charlieu
12%
Saint-Priest-la-Roche
12%
Urbise
12%
Vendranges
12%
Véranne
12%
Vézelin-sur-Loire
12%
Villers
12%
Virigneux
12%
Boyer
11%
Chenereilles
11%
Chirassimont
11%
Combre
11%
Cottance
11%
Gumieres
11%
Jarnosse
11%
La Gresle
11%
L'Hôpital-sous-Rochefort
11%
Mizérieux
11%
Montchal
11%
Notre-Dame-de-Boisset
11%
Pinay
11%
Roisey
11%
Saint-Bonnet-des-Quarts
11%
Saint-Germain-la-Montagne
11%
Saint-Jean-la-Vêtre
11%
Saint-Julien-d'Oddes
11%
Saint-Rirand
11%
Salvizinet
11%
Valeille
11%
Ailleux
10%
Arcinges
10%
Bessey
10%
Cervières
10%
Chandon
10%
Chausseterre
10%
Écoche
10%
La Chapelle-Villars
10%
La Tuilière
10%
Leigneux
10%
Machézal
10%
Merle-Leignec
10%
Palogneux
10%
Saint-Paul-d'Uzore
10%
Sevelinges
10%
Vêtre-sur-Anzon
10%
Cezay
9%
Croizet-sur-Gand
9%
Débats-Rivière-d'Orpra
9%
La Chapelle-en-Lafaye
9%
Lavieu
9%
Maizilly
9%
Saint-Laurent-Rochefort
9%
La Valla-sur-Rochefort
8%
Saint-Pierre-la-Noaille
8%
Saint-Priest-la-Vêtre
7%
La Côte-en-Couzan
6%
Nollieux
6%
Aucun quiz correspondant
Distribution des résultats
% des personnes avec chaque résultat
Percentile par nombre de réponses
Votre historique - résultats
Vous n’avez pas pris ce quiz